000 00488nam a2200181Ia 4500
005 20250423101110.0
008 250422s9999 xx 000 0 und d
020 _a9780205739417
050 _aT 10.5 .J64/
100 _aJohnson-Sheehan, Richard
245 0 _aTechnical communication strategies for today
260 _aBoston
260 _bLongman
260 _c2011
300 _a473 p
650 _aCommunication of technical information. Business communication.
942 _cBK
999 _c35282
_d35282